Music Quiz

Random Music or Bands Quiz

Pop Punk Songs Quiz Stats

 Plays Quiz not verified by Sporcle

Challenge
Share
Tweet
Embed
Score 0/17 Timer 10:00
0 Plays Today
Hint Artist % Correct
Sometimes I give myself the creepsGreen Day
81%
You're never gonna fit in much kidMy Chemical Romance
74%
I cried tears you will never seeFall Out Boy
65.3%
If you wanna start a fight, you better throw the first punchPanic at the Disco
63.3%
Fate fell short this time your smile fades in the summerBlink 182
63%
If I just lay here, would you lie with me and just forget the world? Snow Patrol
60.3%
If you need a friend then please just say the wordAll Time Low
57.3%
Do you feel better now as she falls down to the ground? The Red Jumpsuit Apparatus
36.3%
This place is so empty, my thoughts are so temptingSum 41
35.3%
Hint Artist % Correct
You're leaving me just when I thought you were minePierce the Veil
27.7%
You shine bright like lighters in the darkSimple Plan
27.7%
Now I'm wearing this smile that I don't believe in Mayday Parade
27%
Don't paint me black when I used to be goldenThe Story So Far
26.7%
When will I find where I fit in? A Day to Remember
22.7%
I'm the one who ends up leaving, make it okay5 Seconds of Summer
20.3%
My skin and bones have seen some better daysReal Friends
20.3%
There's comfort in the bottom of a swimming poolThe Front Bottoms
15.7%

You're not logged in!

Compare scores with friends on all Sporcle quizzes.
OR
Log In

You Might Also Like...

Show Comments

Extras

Top Quizzes Today


Score Distribution

Your Account Isn't Verified!

In order to create a playlist on Sporcle, you need to verify the email address you used during registration. Go to your Sporcle Settings to finish the process.

Report this User

Report this user for behavior that violates our Community Guidelines.

Details: